| 000 | 00875nam a2200265Ia 4500 | ||
|---|---|---|---|
| 003 | OSt | ||
| 005 | 20221005065903.0 | ||
| 006 | a|||||r|||| 00| 0 | ||
| 007 | ta | ||
| 008 | 221004b |||||||| |||| 00| 0 eng d | ||
| 020 |
_a8172763239 _c150 |
||
| 024 | _a85198 | ||
| 037 |
_b111154, 27/03/2006, Munshiram manoharlal Publishers Pvt Ltd _cTextual |
||
| 040 |
_aCRL _cCRL _beng |
||
| 041 |
_2eng _aeng |
||
| 082 | _aNA447372,C, P3 | ||
| 100 |
_aBatabyal Balarka _9605088 |
||
| 245 | 0 |
_aArchitectural and sculptural _b Imagery of Lauriya - Nandangarh |
|
| 260 |
_aMumbai _bBharatiya Vidya Bhavan India _c2003 |
||
| 300 |
_a90p. _ccm. |
||
| 650 | _a ARTS | ||
| 650 |
_aARCHITECTURE - LAURIYA _9605089 |
||
| 942 |
_hNA447372,C, P3 _cTEXL _2cc |
||
| 999 |
_c975369 _d975369 |
||